Borussia Dortmund Top Scorers 2013/2014 - Statistics

General Stats
  • This quiz has been taken 240 times
  • The average score is 6 of 10
Answer Stats
Hint Answer % Correct
16 Reus
96%
20 Lewandowski
91%
13 Aubameyang
75%
2 Hummels
75%
2 Blaszczykowski
54%
2 Sahin
46%
9 Mkhitaryan
45%
3 Piszczek
40%
2 Hofmann
17%
4 Jojic
16%
No matching quizzes found
Score Distribution
Percent of People with Each Score
Percentile by Number Answered
Your Score History
You have not taken this quiz